Welcome to the Holygrace Academy Library

Please use search bar below to get started

TOTTO-CHAN: THE LITTLE GIRL AT THE WINDOW (Record no. 8479)

MARC details
000 -LEADER
fixed length control field 00335nam a22001097a 4500
082 ## - DEWEY DECIMAL CLASSIFICATION NUMBER
Classification number 823
Item number KUR/T
100 ## - MAIN ENTRY--AUTHOR NAME
Personal name KUROYANAGI,TETSUKO; BRITTON,DOROTHY(TRA)
245 ## - TITLE STATEMENT
Title TOTTO-CHAN: THE LITTLE GIRL AT THE WINDOW
246 ## - VARYING FORM OF TITLE
Title proper/short title TOTTO-CHAN: THE LITTLE GIRL AT THE WINDOW
Remainder of title TOTTO-CHAN: THE LITTLE GIRL AT THE WINDOW
300 ## - PHYSICAL DESCRIPTION
Number of Pages 172
942 ## - ADDED ENTRY ELEMENTS (KOHA)
Koha item type Books
Holdings
Withdrawn status Lost status Collection code Home library Current library Shelving location Date acquired Source of acquisition Full call number Accession Number Koha item type
    Fiction Main Library Main Library SHELF-14G- ALPHABETICAL J,K,L --ENGLISH NOVELS & FICTIONS 15/06/2010 PURCHASED 823 KUR/T 04916 Books